[Event "Amsterdam Euwe Memorial"]
[Site "Amsterdam"]
[Date "1996.03.28"]
[Round "6"]
[White "Kramnik, Vladimir"]
[Black "Topalov, Veselin"]
[Result "1-0"]
[WhiteElo "2775"]
[BlackElo "2700"]
[Annotator "Stohl,I"]
[PlyCount "71"]
[EventDate "1996.03.22"]
[EventType "tourn"]
[EventRounds "9"]
[EventCountry "NED"]
[EventCategory "18"]
[SourceTitle "CBM 052"]
[Source "ChessBase"]
[SourceDate "1996.06.01"]
[SourceVersion "1"]
[SourceVersionDate "1996.06.01"]
[SourceQuality "1"]

1. Nf3 {Kramnik} Nf6 2. c4 c5 3. Nc3 e6 4. g3 b6 5. Bg2 Bb7 6. O-O d6 7. b3 $5
Nbd7 8. Bb2 Be7 9. d4 O-O $6 (9... cxd4 $142 10. Nxd4 Bxg2 11. Kxg2 Qc7 12. e3
$5 a6 13. f4 O-O 14. Qf3 Rac8 (14... Rfe8 15. g4 g6 16. Rad1 Rac8 17. g5 Nh5
18. Ne4 Bf8 19. Rd2 Nc5 20. Nf2 f5 21. gxf6 Nxf6 22. Ne2 Qf7 23. Ng3 b5 24.
cxb5 axb5 25. Bxf6 Qxf6 26. Nge4 $16 {Petursson,M-Pira,D/Torcy op/1991/}) 15.
g4 Nc5 (15... Nb8 16. g5 Nfd7 17. Rad1 Rfe8 18. h4 Nc6 19. Nxc6 Qxc6 20. Qxc6
Rxc6 21. Rd2 Rec8 22. Rfd1 b5 23. Ne4 bxc4 24. Nxd6 Bxd6 25. Rxd6 Rxd6 26. Rxd6
$16 {Yuferov,S-Yagupov,I/Moscow/1989/}) 16. g5 Nfd7 17. Rad1 Rfe8 18. h4 Bf8
19. Rd2 Nb8 20. Rfd1 Nc6 21. Nxc6 Qxc6 22. Qxc6 Rxc6 23. Ba3 Be7 24. Bxc5 bxc5
25. Ne4 Rd8 26. Kf3 Kf8 27. Kg4 Ke8 28. f5 exf5+ 29. Kxf5 $16 {[%csl Rd5,Rd6,
Re7] ><d5,d6,Be7,Andersson,U-Sokolov,A/Bilbao/1987/ Andersson shows White's
plan in an ideal form. With White's pawn only on e3 and possibile K-side
expansion (f4,g4-g5) hisa chances are somewhat better even against more
accurate play. But Topalov's move is clearly worse and gives White a strong
initiative.}) 10. d5 $1 {[%csl Gd4,Gd5,Ge4,Ge5] ()[+]} (10. e3 {Kramnik} Ne4 $1
$10) 10... exd5 (10... e5 11. Ne1 {[%cal Ye1d3,Ye2e4,Yf2f4] /\Nd3,e4,f4|^}) 11.
Nh4 (11. Ne1 {[%cal Re1c2,Rc2e3] /\Nc2-e3} Rb8 $1 12. Nxd5 Nxd5 13. Bxd5 Bxd5
14. Qxd5 Bf6 $10) (11. cxd5) 11... g6 12. cxd5 $1 $36 (12. Nxd5 Nxd5 13. Bxd5
Bxd5 14. Qxd5 Bxh4 (14... Bf6 15. Bxf6 Nxf6 16. Qf3 $14 {[%cal Yh4g2,Yg2f4]
><d6,/\Ng2-f4}) 15. gxh4 Qxh4 16. Qxd6 Qg4+ 17. Qg3 (17. Kh1 Qe4+ 18. f3 Qxe2
$15) 17... Qxg3+ (17... Qxe2 18. Qc3 f6) 18. hxg3 Rad8 19. Rad1 Rfe8 $10) 12...
Ne8 13. f4 $1 Nc7 {Now and later on accepting the pawn sacrifice is extremely
risky: White's Bb2 without an opponent will be very strong.} (13... Bxh4 14.
gxh4 Qxh4 15. e4 $44 {[%csl Rf6,Rg7,Rg8,Rh6][%cal Rb2h8] גa1-h8,>>} (15. Qd2 {
Kramnik} Qe7 16. e4 f6 17. Rae1 Ng7 18. Bh3 $44)) 14. e4 b5 15. e5 $1 {[%cal
Re5d6,Rc3e4] /\ed6,Ne4} (15. Nf3 $5 {Kramnik}) 15... f5 $8 (15... dxe5 $2 16.
d6 $18) (15... Bxh4 16. gxh4 $16 (16. exd6 $6 Ne8 $1 17. gxh4 Nxd6 $13) 16...
dxe5 $2 17. d6 Bxg2 18. dxc7 Qxc7 19. Kxg2 $18) 16. a4 $1 (16. Rf2 {Kramnik}
Nb6 17. Rd2 b4 18. Ne2 c4 $132) (16. Ne4 $5 {Kramnik} fxe4 (16... dxe5 $5) 17.
Nxg6 hxg6 18. Qg4 $40) 16... b4 (16... bxa4 $142 {[%cal Yd7b6] /\Nb6+/-}) (
16... a6 $2 {Kramnik} 17. a5 $1 b4 18. Na4 Nb5 19. e6 Nf6 20. Nb6 $18) 17. Nb5
Nxb5 18. axb5 Qb6 (18... Nb6 {Kramnik} 19. Qe2 $1 {/\ 20.Rad1}) 19. Re1 $1 Qxb5
(19... dxe5 20. fxe5 c4+ 21. Kh1 $1 c3 22. Bc1 $16) (19... c4+ 20. Bd4 Qxb5 21.
bxc4 Qxc4 22. Rc1 Qb5 23. exd6 $5 Bf6 (23... Bxd6 24. Re6 $1 $40) 24. Rc7 $5
$40) 20. Bf1 (20. exd6 $6 Bf6 $1 $13) 20... Qb6 21. Bc4 {White's pawn
sacrifice gave him total central control, he can now prepare an attack against
Black's K without any real interference.} Qd8 (21... Rae8 22. exd6 Bxd6 23. Re6
$40) 22. exd6 (22. Nf3 $5 {Kramnik}) 22... Bf6 $8 (22... Bxd6 23. Re6 Nf6 (
23... Nb6 24. Nxg6 $1 $18) 24. Be5 $1 Bxe5 (24... Ne8 25. Nxg6 $40) 25. fxe5
Bxd5 (25... Nxd5 {Kramnik} 26. Rd6 $18) 26. Rxf6 $18) (22... Bxh4 23. gxh4 Qxh4
24. Re7 Rf7 25. Qe2 {[%cal Re2e6] /\Qe6} Qg4+ 26. Qxg4 fxg4 27. Bb5 Nb6 28.
Rxf7 Kxf7 29. Bc6 $18) 23. Qd2 (23. Be5 $6 Nb6 {/\ 24...Nc8}) 23... Bxb2 (23...
Nb6 24. Re6 $1 Bc8 (24... Bxb2 25. Qxb2 Bxd5 26. Bxd5 Nxd5 27. Nxg6 $1 Rf6 28.
Ne7+ $18) 25. Bxf6 Rxf6 26. Rae1 Bxe6 27. dxe6 Nxc4 28. bxc4 $18 {Kramnik}) 24.
Qxb2 Qf6 25. Qf2 Nb6 (25... Qxd6 26. Re6 Qb8 27. d6 $18) (25... Rfe8 {Kramnik}
26. Rxe8+ Rxe8 27. Rxa7) 26. Rad1 (26. Qxc5 $2 {Kramnik} Rac8 $132) 26... Rfe8
(26... Nxc4 27. bxc4 Qxd6 28. Re6 Qd7 (28... Qc7 29. Qe3 Rf7 30. Nf3 $1 $18)
29. Qxc5 {[%cal Re6e7,Rc5b4] /\Qb4,Re7-+}) 27. Rxe8+ Rxe8 28. Qxc5 $18 Qc3 (
28... Rd8 {Kramnik} 29. Qxb4 $1 Qxd6 30. Qxd6 Rxd6 31. Ng2 $1 Kg7 32. Ne3 $18)
29. Ng2 Re2 (29... Rc8 30. d7 $1 Nxd7 31. Qe7 $18) (29... Qc2 30. Re1 Rxe1+ 31.
Nxe1 Qd2 32. Nf3 Qd1+ 33. Kg2 $18) 30. d7 $1 {smoothly deals with Black's
counterplay.} Nxd7 31. Qb5 {Attacking three pieces at once.} Rxg2+ 32. Kxg2
Qc2+ 33. Be2 Nb6 34. Kf2 Kg7 (34... Qxb3 35. Qe8+ Kg7 36. Qe7+ $18) 35. d6 {
[%cal Rd6d7] /\d7} Bc6 36. Qxb4 1-0

[Event "Amsterdam Euwe Memorial"]
[Site "Amsterdam"]
[Date "1996.03.31"]
[Round "8"]
[White "Kramnik, Vladimir"]
[Black "Anand, Viswanathan"]
[Result "0-1"]
[WhiteElo "2775"]
[BlackElo "2725"]
[Annotator "Anand,V"]
[PlyCount "216"]
[EventDate "1996.03.22"]
[EventType "tourn"]
[EventRounds "9"]
[EventCountry "NED"]
[EventCategory "18"]
[SourceTitle "CBM 052"]
[Source "ChessBase"]
[SourceDate "1996.06.01"]
[SourceVersion "1"]
[SourceVersionDate "1996.06.01"]
[SourceQuality "1"]

1. Nf3 {Tischbierek} c5 2. c4 g6 3. d4 cxd4 4. Nxd4 Nc6 5. e4 Nf6 6. Nc3 d6 7.
Be2 Nxd4 8. Qxd4 Bg7 9. Be3 {The first time I played this opening against
Kramnik, he got nothing. It is safe to say that he isn't surprised anymore
when he plays this.} (9. Bg5 O-O 10. Qd2 a6 11. O-O Be6 12. Rad1 Qa5 13. b3 b5
14. Bxf6 Bxf6 15. Nd5 Qxd2 16. Nxf6+ exf6 17. Rxd2 {1/2-1/2 Kramnik,V-Anand,V 
(02)/Moscow PCA 25' (04) ;EXP 40 1994}) 9... O-O 10. Qd2 Be6 11. O-O a6 12. f3
Qa5 13. Rab1 Rfc8 14. Rfc1 Rab8 15. b4 Qd8 16. c5 {A really crummy position.
Here I decided to first get rid of the a-pawns.} a5 17. a3 axb4 18. axb4 Ra8
19. Bf1 $1 {Getting the B out of range of Ra2.} h5 20. Qe1 Ne8 21. Kh1 Kf8 {
I didn't see much else!} 22. Nd5 $6 (22. Bg1 {Would have been interesting if
only to see if I would have played Kg8}) 22... Bxd5 $1 23. exd5 dxc5 24. bxc5 (
24. Bxc5 Nd6 $10 {/\ Bf6,Kg7}) 24... Qxd5 25. Rd1 Qe5 (25... Qc6 26. Bb5 $1)
26. Rxb7 Rxc5 $1 {I had prepared this move some time ago and Black is out of
danger since all the Ps are on one side.} 27. f4 Qe4 28. Rb4 Qc6 29. Bxc5 Qxc5
30. Rb5 Qc3 31. Qe4 {Kramnik continued blitzing here and I wasn't sure whether
to offer a draw or just continue. I chose the latter.} Rc8 32. Rb7 Bf6 33. f5
$2 {Completely unnecessary.} g5 34. Rbb1 $6 $138 {With a draw offer. I was
about to accept (and if he hadn't played f4-f5, I would have agreed
immediately), but paused. It seemed to me that since Black was in absolutely
in no danger anymore, it wouldn't be out of place to keep playing for until
the time control.} (34. Qd3 $10) 34... Nd6 35. Qd3 Qe5 36. Qe2 (36. Rbc1 $1
Rxc1 (36... Ra8 37. Qf3 $1) 37. Rxc1 Ne4 (37... Kg7 $10) 38. Qd8+ $1 (38. Qf3
g4) (38. Rc2) 38... Kg7 39. Rc8 Nf2+ (39... Kh6 40. Qf8+ Bg7 41. Qxf7) 40. Kg1
Nh3+ 41. Kh1 (41. gxh3 Qe3+ 42. Kg2 Qe4+ $19) 41... Nf2+ $10) 36... Qc5 $1 37.
Re1 (37. Qxh5 Ne4 $36) (37. Qf3 $1 {Tischbierek} g4 (37... Qxf5 38. Qxh5 Ne4
39. Bc4 $5) 38. Qd5 Qxd5 (38... Nxf5 $4 39. Rbc1 Bc3 40. Rxc3 $18) 39. Rxd5 Rc2
$10) 37... h4 38. Qf3 Qxf5 39. Bd3 $2 (39. Qxf5 $1 {I think that White
shouldn't be in danger here.}) 39... Qxf3 40. gxf3 Rc3 41. Rbd1 Ra3 $1 {
Ironically, White's broken P structure, though useful to prevent Black from
creating passed pawns, gives Black' minor pieces excellent squares. The f4
square, especially beckons!} 42. Kg2 Ra5 43. Re2 e6 44. Rc1 Be5 $1 45. Rc6 Ke7
{Now Black's K is out of the last rank and Black can start trying to manoeuvre
his N to d4 or d5.Kramnik later told me that he agreed that White's position
would eventually give, and that he didn't think that he could have saved it.}
46. Ra6 Rd5 47. Ra3 Kf6 48. Rb3 Ra5 49. Rc2 Ra4 50. Re2 Ra5 51. Kh3 Bf4 52. Kg2
Ne8 $1 {The idea is to take the N to h5. White will have to prevent this by
bringing his Rb3 and Bd3 to attack f7. Then I can maybe leave my R on the
third rank to stop White from returning to d3 and b3. At leats that was the
rough outline of my plan.} 53. Rb7 Ra3 $1 54. Bh7 Nd6 $1 {Back, now that I
have achieved my objective. The Bd3 was good in controlling the squares of
entry for my N - b5 and f5 and now I can try to get my N in.} 55. Rb4 Rc3 56.
Rc2 Re3 57. Rf2 Re1 {There is no harm in wasting time in such positions.} 58.
Rb1 Re3 59. Rb4 Kg7 60. Bc2 Ne8 61. Rb3 Re1 62. Rb1 Re5 63. Rb7 (63. Bd3 Nf6 $1
{/\ Nh5, Be3}) 63... Rc5 64. Re2 Nd6 65. Rd7 (65. Bd3 Rc3 $1 {And White can't
stop Nc4 or Nf5}) 65... Kf6 66. Bh7 Nc4 {Mission accomplished} 67. Rd3 Ne5 68.
Rb3 Kg7 69. Be4 Rc1 70. Bb1 Rc8 71. Bc2 $2 {Black has made considerable
progress, but this allows an immediate finish.} h3+ $1 72. Kxh3 Nc6 $1 73. Rc3
Rh8+ 74. Kg2 Nd4 $1 (74... Rxh2+ $4 75. Kf1 Rh1+ 76. Kg2) 75. Rf2 Rxh2+ 76. Kf1
Rh1+ 77. Kg2 Rc1 $22 $19 {[#]} 78. Rc4 (78. Kh3 Rg1 $1 $19) 78... Be3 79. Rxd4
Bxd4 80. Re2 Kf6 81. Kh2 Ra1 82. Kg2 Rg1+ 83. Kh2 g4 $1 84. Rg2 Rc1 85. Kg3 (
85. fxg4 Be5+ $19) 85... gxf3 86. Kxf3 Ke5 87. Re2+ Kd6 88. Rd2 Ke7 89. Re2 Bc5
90. Kg2 Bd6 91. Bb3 Rc3 92. Ba2 Bf4 93. Bb1 Kf6 94. Ba2 e5 {Took some time,
but I realized that Black can afford to advance his Ps on the dark squares!}
95. Rb2 Kg6 96. Rb6+ f6 97. Bb1+ Kg5 98. Rb8 Kg4 99. Rg8+ Bg5 {Now all that
remains is to start pushing the e-pawn.} 100. Rf8 Rb3 101. Bg6 Rb2+ 102. Kf1
Kf3 103. Bh5+ Kf4 104. Bg6 e4 105. Re8 f5 106. Rf8 Rb5 107. Bh7 Kg4 108. Bg6 e3
0-1

[Event "Amber-rapid 05th"]
[Site "Monte Carlo"]
[Date "1996.??.??"]
[Round "3"]
[White "Shirov, Alexei"]
[Black "Kramnik, Vladimir"]
[Result "0-1"]
[WhiteElo "2690"]
[BlackElo "2775"]
[Annotator "Knaak,R"]
[PlyCount "58"]
[EventDate "1996.04.??"]
[EventType "tourn (rapid)"]
[EventRounds "11"]
[EventCountry "MNC"]
[EventCategory "17"]
[SourceTitle "CBM 053"]
[Source "ChessBase"]
[SourceDate "1996.08.01"]
[SourceVersion "1"]
[SourceVersionDate "1996.08.01"]
[SourceQuality "1"]

1. e4 c5 2. Nf3 Nc6 3. d4 cxd4 4. Nxd4 Nf6 5. Nc3 d6 6. Bg5 e6 7. Qd2 Be7 8.
O-O-O Nxd4 9. Qxd4 a6 10. f4 b5 11. Bxf6 gxf6 12. Be2 (12. Bd3 {
Kasparov-Kramnik (Amsterdam 1996)}) 12... Qa5 13. e5 fxe5 14. fxe5 d5 15. Nxd5
$5 exd5 16. e6 O-O $8 17. Rd3 Bg5+ $2 (17... Bd6 $1 18. e7 (18. exf7+ Rxf7 19.
Bh5 (19. Qxd5 Bf4+ 20. Kb1 Bb7 21. Qe6 Bc8 22. Qd5 Bb7 $10) 19... Rf5 20. Bg4 (
20. Bf3 Qxa2) 20... Qxa2 21. Bxf5 Bxf5 22. Qxd5+ Qxd5 23. Rxd5 Bf4+ 24. Kb1 Bg6
$15) (18. Qg4+ Kh8 19. Rh3 (19. Rxd5 $2 Qb4) 19... Bxe6 (19... Qxa2 $2 20. Bd3
f5 21. Bxf5 Rxf5 22. Qxf5 Ra7 $16) (19... f6 20. Rxh7+ $10) 20. Qh4 Bxh3 21.
Qf6+ Kg8 22. gxh3 Bf4+ (22... Rfd8 $2 23. Bh5 Qc7 24. Rg1+ Kf8 25. Rg7 $18) (
22... Qb6 $10) 23. Qxf4 Qb6 $13) (18. Rg3+ Bxg3 19. Qg4+ Kh8 20. hxg3 f6 21.
Rxh7+ $10) 18... Re8 19. Qf6 Qc7 20. Qg5+ Kh8 21. Qf6+ $10) 18. Kb1 Bxe6 (18...
fxe6 $6 19. Rg3 h6 20. h4 Qc7 21. Qd3 Rf5 22. hxg5 hxg5 23. Bg4 Rf6 24. Rgh3
$18) 19. Rg3 $2 (19. h4 $1 Qc7 (19... Bf5 20. Rg3 Bg6 21. Rxg5 Rae8 22. Bd1 f6
23. h5 $1 fxg5 24. hxg6 $18) 20. hxg5 Bf5 21. Qf6 $1 $18) 19... h6 (19... f6 $6
20. h4 Qc7 21. Qd3 h6 22. hxg5 hxg5 23. Rh6 $40) 20. h4 Qc7 21. hxg5 $4 (21.
Qf2 $1 f6 22. Bd3 $44) (21. Qd3 $6 Bf5 $1 22. Rxg5+ hxg5 23. Qxf5 Qf4 24. Qxd5
Rad8 25. Qxg5+ Qxg5 26. hxg5 Rd5 $15) 21... Qxg3 22. Rxh6 f6 23. Rg6+ Kh7 24.
Rh6+ Kg7 25. Rxf6 Qe1+ 26. Bd1 Rxf6 27. Qxf6+ Kg8 28. Qg6+ Kf8 29. Qf6+ Ke8 0-1

[Event "Amber-rapid 05th"]
[Site "Monte Carlo"]
[Date "1996.??.??"]
[Round "6"]
[White "Ivanchuk, Vassily"]
[Black "Kramnik, Vladimir"]
[Result "1-0"]
[WhiteElo "2735"]
[BlackElo "2775"]
[PlyCount "101"]
[EventDate "1996.04.??"]
[EventType "tourn (rapid)"]
[EventRounds "11"]
[EventCountry "MNC"]
[EventCategory "17"]
[SourceTitle "CBM 052 Extra"]
[Source "ChessBase"]
[SourceDate "1996.07.01"]
[SourceVersion "1"]
[SourceVersionDate "1996.07.01"]
[SourceQuality "1"]

1. e4 c5 2. Nf3 Nc6 3. d4 cxd4 4. Nxd4 Nf6 5. Nc3 d6 6. Bg5 e6 7. Qd2 a6 8.
O-O-O h6 9. Be3 Nxd4 10. Qxd4 Qc7 11. f4 b5 12. a4 bxa4 13. Qxa4+ Bd7 14. Bb5
Qb7 15. Bxd7+ Qxd7 16. Rd4 Be7 17. Rhd1 O-O 18. e5 Qxa4 19. Rxa4 Ne8 20. Nb5 d5
21. f5 exf5 22. Rxd5 Bg5 23. Bxg5 hxg5 24. c4 g6 25. c5 f4 26. c6 Ng7 27. Nd6
Ne6 28. Rda5 f6 29. exf6 Rxf6 30. Rxa6 Raf8 31. Ne4 R6f7 32. h3 f3 33. gxf3
Rxf3 34. Ra8 Rf1+ 35. Kd2 R1f4 36. Rxf8+ Rxf8 37. Ra7 Rc8 38. Nf6+ Kf8 39. Nd7+
Kg8 40. Ne5 Nd4 41. Ra6 Kg7 42. Kc3 Ne6 43. b4 Kf6 44. Ng4+ Ke7 45. b5 Nc7 46.
Ra7 Kd6 47. Kc4 Rf8 48. b6 Nd5 49. Rd7+ Kxc6 50. Rxd5 Rh8 51. Rb5 1-0

[Event "Dos Hermanas"]
[Site "Dos Hermanas"]
[Date "1996.05.22"]
[Round "2"]
[White "Topalov, Veselin"]
[Black "Kramnik, Vladimir"]
[Result "1/2-1/2"]
[WhiteElo "2700"]
[BlackElo "2775"]
[Annotator "Bologan,V"]
[PlyCount "87"]
[EventDate "1996.05.21"]
[EventType "tourn"]
[EventRounds "9"]
[EventCountry "ESP"]
[EventCategory "19"]
[SourceTitle "CBM 053"]
[Source "ChessBase"]
[SourceDate "1996.08.01"]
[SourceVersion "1"]
[SourceVersionDate "1996.08.01"]
[SourceQuality "1"]

1. e4 {Azmaiparashvili Har Zvi} c5 2. Nf3 Nc6 3. d4 cxd4 4. Nxd4 Nf6 5. Nc3 d6
6. Bc4 Qb6 7. Ndb5 Bg4 8. f3 (8. Nd5 {Azmaiparashvili} Qa5+ (8... Qxb5 9. Bxb5
Bxd1 10. Kxd1) 9. b4 Qxb5 (9... Nxd5 10. Qxd5 Qxb4+ 11. Bd2 e6 12. Qxc6+ bxc6
13. Bxb4 cxb5 14. Bxb5+ Kd8 15. f3 Bh5 16. O-O-O) (9... Bxd1 10. bxa5 Nxd5 11.
exd5 Nxa5 12. Kxd1 Nxc4 13. Nc7+ Kd7 14. Nxa8 g6 15. Rb1) (9... Nxb4 10. Nxf6+
gxf6 11. Qxg4 Nxc2+ 12. Ke2 Nxa1 13. Bd2 Qa4 14. Nc7+ Kd8 15. Bb5) 10. Bxb5
Bxd1 11. Kxd1 Nxe4 12. Re1 Nxf2+ 13. Ke2 Ne4 14. Kf3 Nf6 15. Nc7+ Kd7 16. Nxa8
g6) 8... Bd7 9. Qe2 a6 10. Be3 Qa5 11. Nd4 b5 12. Bb3 e6 13. O-O-O b4 14. Nb1 (
14. Nxc6 Bxc6 15. Nd5 $2 exd5 16. exd5 Bb5 17. Qe1 Be7 18. Bd4 Kf8 19. a3 Rc8
20. axb4 Qc7 $17 {Onoprienko V.-Khasin A. Ch Russia (club) Kazan (Russia) 1995.
}) (14. Nd5 {Azmaiparashvili} exd5 15. exd5 Nxd4 16. Bxd4+ Kd8) 14... Be7 15.
g4 (15. Nd2 $5 d5 16. g4 dxe4 17. Nxe4 $14) 15... Nxd4 16. Rxd4 e5 (16... Ba4 {
Azmaiparashvili} 17. Nd2) 17. Rdd1 Be6 18. Nd2 Bxb3 (18... O-O {Azmaiparashvili
} 19. Bxe6 (19. Kb1 Rac8) 19... fxe6 20. Qc4 Kf7) 19. cxb3 $1 (19. axb3 Qa1+
20. Nb1 O-O $40 {there is no any good move for White to avoid the march of the
'a' pawn.}) 19... d5 $6 {Of course it is played in Sicilian style but may be
that was done in the wrong moment. Better was to take the pawn on 'a2'.} (19...
Qxa2 20. Nc4 (20. Kc2 {Azmaiparashvili} Qa5 (20... d5 21. Ra1 Rc8+ 22. Nc4
Rxc4+ 23. bxc4 b3+ 24. Kc3 d4+ 25. Kd3) 21. Nc4 Qc7 22. Kb1 $44) 20... Qxb3 21.
Kb1 O-O 22. g5 Ne8 23. Nb6 Rb8 24. Nd7 Rc8 $13) 20. exd5 $6 (20. Kb1 $1 d4 (
20... Qb5 21. Rhe1 (21. Qxb5+ axb5 22. g5 d4 23. gxf6 dxe3 24. fxe7 Kxe7 $1 $10
) 21... Qxe2 22. Rxe2 dxe4 23. Nxe4 Nxe4 24. fxe4 $16) 21. Nc4 Qc7 22. Bf2 $16)
20... Qxa2 21. Nc4 Qxb3 22. Kb1 {[#]} Rc8 $4 {Just a blunder.} (22... Nd7 23.
d6 Bh4 24. f4 O-O 25. Nxe5 Nxe5 26. fxe5 Qe6 27. Bc5 $13) 23. Rd3 $1 $18 Qxc4
24. Rc1 Qxc1+ 25. Bxc1 Bd6 {Of course the position is completly winning for
White and also it's clear that in this case many roads lead to Rome so it's
dificult to critisize the Whites play.} 26. f4 e4 27. g5 O-O 28. Rd1 (28. Rh3 {
Azmaiparashvili} Rxc1+ 29. Kxc1 Bxf4+ 30. Kb1 Bxg5) 28... Nd7 29. Qxa6 {
I prefer much more to take the "e" pawn after white should not worry about
this pawn which in the game caused his serious problems (Har Zvi).} Bc5 30. Qb5
(30. d6 {Azmaiparashvili} e3 31. Re1 Rfd8 32. Bxe3 Bxe3 33. Rxe3 $18) 30... Rc7
31. d6 Ra7 32. b3 {Again I can not understand why Topalov underestimated
black's "e" it seems after 32.Re1 white is better (Har Zvi).} (32. Qc4 $142 {
Azmaiparashvili} Re8 33. f5) 32... e3 33. Bb2 (33. Rd5 $5 Rfa8 34. Bb2 Rb8 35.
Qc4 Re8 36. Rf5 $18) 33... Re8 34. f5 Bxd6 35. g6 hxg6 36. fxg6 Re6 37. gxf7+
Kxf7 38. Qh5+ Kg8 39. Bxg7 e2 (39... Kxg7 $4 {Azmaiparashvili} 40. Rg1+ Kf6 (
40... Kf8 41. Qh8+ Ke7 42. Rg7+ Kf6 43. Rxd7+ Kf5 44. Rxa7 e2 45. Rf7+ Ke4 46.
Qh4+ Kd3 47. Rf3+ Kd2 48. Qg5+) 41. Qg5+ Kf7 42. Qg8+ Ke7 43. Rg7+ Kf6 44. Rg6+
) 40. Qh8+ (40. Re1 Kxg7 41. Rg1+ Bg3 $8 42. Qg5+ Kf7 43. Qxg3 {With good
winning chances for Topalov.}) 40... Kf7 41. Re1 Ra3 42. Qh5+ Kxg7 43. Rg1+ Bg3
{[#]} 44. Qg4+ {Here Vesselin offered a draw that was imedeatly exepted. But
even in this position after long forced variations which may happent after 44.
Rg3 White is still winning. I am almost sure that this halfpoint the bulgarian
GM was remembering on the closing ceremony.} (44. Qg4+ Kf7 (44... Kf6 {
Azmaiparashvili} 45. Qxg3 e1=Q+ 46. Rxe1 Rxb3+ 47. Qxb3 Rxe1+ 48. Kc2 Re2+ 49.
Kd1 Rxh2 50. Qf3+ Ke7 51. Qe4+ Kd8 $10) 45. Qxg3 e1=Q+ 46. Rxe1 Rxe1+ 47. Qxe1
Rxb3+ 48. Kc2 Rc3+ 49. Kd2 Rc5 $10) (44. Rxg3+ Kf8 45. Qh8+ Ke7 46. Qh4+ Kd6 (
46... Ke8 47. Rg8+ Nf8 48. Qh5+ Ke7 49. Qc5+ Rd6 50. Rg7+ $18) (46... Ke8 {
Azmaiparashvili}) 47. Qxb4+ Kc7 48. Qc3+ Rc6 49. Qd2 Re6 (49... Rca6 50. Qf4+
Kb7 51. Qb4+ Ka7 52. Qd4+ Kb8 53. Re3 e1=Q+ 54. Rxe1 Rxb3+ 55. Kc2 $18) 50.
Qc1+ Kb7 51. Re3 $18) 1/2-1/2

[Event "Dos Hermanas"]
[Site "Dos Hermanas"]
[Date "1996.05.23"]
[Round "3"]
[White "Kramnik, Vladimir"]
[Black "Gelfand, Boris"]
[Result "1/2-1/2"]
[WhiteElo "2775"]
[BlackElo "2700"]
[Annotator "Hecht,H"]
[PlyCount "125"]
[EventDate "1996.05.21"]
[EventType "tourn"]
[EventRounds "9"]
[EventCountry "ESP"]
[EventCategory "19"]
[SourceTitle "CBM 053"]
[Source "ChessBase"]
[SourceDate "1996.08.01"]
[SourceVersion "1"]
[SourceVersionDate "1996.08.01"]
[SourceQuality "1"]

1. Nf3 {Bologan} Nf6 2. c4 g6 3. Nc3 Bg7 4. g3 O-O 5. Bg2 c6 6. d4 d5 7. Qb3
Qb6 8. O-O Bf5 9. Ne5 e6 10. Bf4 Nbd7 11. Qxb6 axb6 12. f3 c5 13. dxc5 d4 14.
Nb5 bxc5 15. Nxd7 Nxd7 16. Bd6 Rfc8 17. f4 Rc6 18. a4 Bc2 19. Ra3 Nb6 20. Rc1
d3 21. exd3 Rxd6 22. Rxc2 Rd7 23. a5 Nc8 24. d4 cxd4 25. c5 Ne7 26. Nd6 d3 27.
Rxd3 Rxa5 28. Bxb7 Bf8 29. b4 Ra1+ 30. Kg2 Nf5 31. Bc6 Rd8 32. Rcd2 Rc1 33.
Nxf5 Rxd3 34. Rxd3 gxf5 35. Rb3 Rc2+ {[#]} 36. Kg1 {Bologan: Just losing two
very important tempi.} (36. Kf3 {Bologan} Rxh2 37. Ke3 Be7 38. Bf3 $18) 36...
Bg7 37. Bf3 Rc3 38. Rxc3 Bxc3 {[#] ungleiche L, verbundene Freibauern
blockiert durch sK, den Rest deckt sL ===> remis; einfacher Sachverhalt. 
Bologan: May be Vladimir thought that the ending without rooks on the board
it's also winning for him.But of course it is complete draw.} 39. c6 Bd4+ 40.
Kf1 Bb6 41. Ke2 Kf8 42. Kd3 Ke7 43. Kc4 Kd6 44. Kb5 Kc7 45. Ka6 f6 46. b5 e5
47. Bg2 exf4 48. gxf4 Be3 49. Bd5 h6 50. h3 Bb6 51. Be6 Be3 52. Bd7 Bb6 53.
Bxf5 Be3 54. Be4 Bb6 55. f5 Be3 56. Ka5 Bd2+ 57. Ka4 h5 58. Kb3 h4 59. Kc4 Bf4
60. Kc5 Bd6+ 61. Kd5 Be5 62. Ke6 Bc3 63. Kf7 1/2-1/2